000 00705nam a2200289Ia 4500
005 20260324135820.0
008 008 260324s9999 xx 000 0 eng d
020 _a9780429437465
037 _aEBOOK
040 _aCRL
040 _beng
040 _cCRL
041 _2eng
041 _aeng
084 _qCRL
100 _aMatthew Okai
_91202021
245 0 _aSocial Valuation in Agricultural Policy Analysis
245 0 _bIts Significance for Sub-Saharan Africa
260 _bTaylor and Francis
260 _c1999
365 _a
365 _b160
856 _uhttp://www.taylorfrancis.com/books/9780429437465
942 _cEBOOK
999 _c1803483
_d1803483